[Event "Mittelrhein Verbandsliga-W 1112"]
[Site "Germany"]
[Date "2012.05.20"]
[Round "11.4"]
[White "Hinz, Holger"]
[Black "Hagmanns, Raphael"]
[Result "1-0"]
[WhiteElo "1878"]
[BlackElo "1780"]
[PlyCount "93"]
[EventDate "2011.09.18"]
[EventType "team-tourn"]
[EventRounds "11"]
[EventCountry "GER"]
[SourceTitle "EXT 2013"]
[Source "ChessBase"]
[SourceDate "2012.11.22"]
[SourceVersion "1"]
[SourceVersionDate "2012.11.22"]
[SourceQuality "1"]
[WhiteTeam "Lendersdorf"]
[BlackTeam "Aachen II"]
[WhiteTeamCountry "GER"]
[BlackTeamCountry "GER"]

1. c4 Nf6 2. Nc3 g6 3. e4 d6 4. g3 Bg7 5. Bg2 c5 6. Nge2 Nc6 7. 0-0 0-0 8. h3 e6 9. f4 Ne8 10. d3 Nc7 11. Be3 Qe7 12. Qd2 a6 13. Rac1 Rd8 14. Kh2 b5 15. b3 Bb7 16. g4 Rd7 17. Ng3 Nd4 18. g5 Qf8 19. h4 f5 20. h5 Rb8 21. Nce2 Nc6 22. exf5 exf5 23. d4 Rdd8 24. h6 Bh8 25. Rcd1 Qe7 26. d5 Na7 27. Rfe1 bxc4 28. bxc4 Bc8 29. Nc3 Qd7 30. Rb1 Bb7 31. Qc2 Ba8 32. Bh3 Re8 33. Nxf5 gxf5 34. Bxf5 Qf7 35. g6 Qf6 36. Rxb8 Rxb8 37. Rg1 Qh4+ 38. Bh3 Re8 39. gxh7+ Kf7 40. Qf5+ Bf6 41. h8N+ Rxh8 42. Qd7+ Be7 43. Rg7+ Kf8 44. Qf5+ Ke8 45. Ne4 Nab5 46. cxb5 Bxd5 47. Nxd6+ 1-0

[Event "Mittelrhein Verbandsliga-W 1112"]
[Site "Germany"]
[Date "2012.05.06"]
[Round "10.4"]
[White "Schulten, Berthold"]
[Black "Hinz, Holger"]
[Result "1/2-1/2"]
[WhiteElo "1965"]
[BlackElo "1878"]
[PlyCount "106"]
[EventDate "2011.09.18"]
[EventType "team-tourn"]
[EventRounds "11"]
[EventCountry "GER"]
[SourceTitle "EXT 2013"]
[Source "ChessBase"]
[SourceDate "2012.11.22"]
[SourceVersion "1"]
[SourceVersionDate "2012.11.22"]
[SourceQuality "1"]
[WhiteTeam "Aachen PTSV"]
[BlackTeam "Lendersdorf"]
[WhiteTeamCountry "GER"]
[BlackTeamCountry "GER"]

1. c4 e5 2. Nc3 f5 3. d4 exd4 4. Qxd4 Nc6 5. Qe3+ Qe7 6. Nd5 Qxe3 7. Bxe3 Bb4+ 8. Kd1 Kd8 9. Nxb4 Nxb4 10. Bc5 Nc6 11. Bf8 Nge7 12. Bxg7 Rg8 13. Bc3 d5 14. cxd5 Nxd5 15. g3 Be6 16. Bg2 Ke7 17. Nf3 Rad8 18. Nd2 Nxc3+ 19. bxc3 Ne5 20. Ke1 b6 21. Nb3 c5 22. h3 Nc4 23. Rd1 Nb2 24. Rd2 Na4 25. Rc2 Rd6 26. Bf3 Rgd8 27. Kf1 Rd1+ 28. Kg2 Rxh1 29. Kxh1 Rd1+ 30. Kg2 Rb1 31. e4 Rb2 32. Rxb2 Nxb2 33. exf5 Bxf5 34. Bd5 Kd6 35. Bg8 b5 36. g4 Bc2 37. Nc1 Nd1 38. c4 b4 39. g5 a5 40. h4 a4 41. h5 Nc3 42. f4 Nxa2 43. Nxa2 a3 44. Bxh7 b3 45. Nc3 a2 46. Nxa2 bxa2 47. Bxc2 a1Q 48. Bg6 Qc3 49. h6 Ke7 50. h7 Kf8 51. f5 Qd2+ 52. Kf3 Qd3+ 53. Kf4 Qd4+ 1/2-1/2

[Event "Mittelrhein Verbandsliga-W 1112"]
[Site "Germany"]
[Date "2011.09.18"]
[Round "1.3"]
[White "Hinz, Holger"]
[Black "Hund, Isabel"]
[Result "1/2-1/2"]
[WhiteElo "1878"]
[BlackElo "1916"]
[PlyCount "26"]
[EventDate "2011.09.18"]
[EventType "team-tourn"]
[EventRounds "11"]
[EventCountry "GER"]
[SourceTitle "EXT 2013"]
[Source "ChessBase"]
[SourceDate "2012.11.22"]
[SourceVersion "1"]
[SourceVersionDate "2012.11.22"]
[SourceQuality "1"]
[WhiteTeam "Lendersdorf"]
[BlackTeam "Kerpen SK"]
[WhiteTeamCountry "GER"]
[BlackTeamCountry "GER"]

1. c4 c5 2. Nc3 Nf6 3. e4 Nc6 4. g3 d6 5. Bg2 g6 6. Nge2 Bg7 7. d3 Nd4 8. 0-0 Bg4 9. f3 Bd7 10. Be3 Nxe2+ 11. Nxe2 Qc8 12. Qd2 0-0 13. Bh6 Bh3 1/2-1/2